[Event "Minsk Bronstein Memorial op"]
[Site "Minsk"]
[Date "2017.02.18"]
[Round "1"]
[White "Kovalev, Vladislav"]
[Black "Sergey, Dmitriy"]
[Result "1-0"]
[WhiteElo "2598"]
[BlackElo "1745"]
[PlyCount "79"]
[EventDate "2017.02.18"]
[EventType "swiss (rapid)"]
[EventRounds "10"]
[EventCountry "BLR"]
[SourceTitle "EXT 2018"]
[Source "ChessBase"]
[SourceDate "2017.10.13"]
[SourceVersion "1"]
[SourceVersionDate "2017.10.13"]
[SourceQuality "1"]

1. e4 c5 2. Nf3 d6 3. d4 cxd4 4. Nxd4 Nf6 5. Nc3 a6 6. Bg5 e6 7. f4 Nc6 8. Nb3 Be7 9. Qf3 Qc7 10. 0-0-0 Bd7 11. Kb1 0-0 12. g4 b5 13. h4 b4 14. Ne2 a5 15. Bxf6 Bxf6 16. g5 Be7 17. h5 Rfc8 18. Rd2 e5 19. g6 fxg6 20. hxg6 h6 21. Nc5 Nd4 22. Nxd4 dxc5 23. Bc4+ Kh8 24. Ne6 Bxe6 25. Bxe6 Rd8 26. Bd5 exf4 27. Rdh2 Bg5 28. Bxa8 Rxa8 29. Rh5 Qe7 30. Qg4 Kg8 31. Qf5 Rd8 32. b3 a4 33. bxa4 c4 34. a5 b3 35. axb3 cxb3 36. cxb3 Rd3 37. Kc2 Rd8 38. a6 Qc7+ 39. Kb1 Qb6 40. Qf7+ 1-0